| 000 | 01619nab a2200397 i 4500 | ||
|---|---|---|---|
| 001 | 33392 | ||
| 003 | FINmELB | ||
| 005 | 20241216220823.0 | ||
| 006 | m o d | | ||
| 007 | cr cnu|||||||| | ||
| 008 | 240708c20219999cu qr p o 0 0spa d | ||
| 022 | _a1561-2945 | ||
| 035 | _a(OCoLC)1472950846 | ||
| 040 |
_aFINmELB _bspa _erda _cFINmELB |
||
| 050 | 4 |
_aRD31 _b.R453 2021 |
|
| 080 | _a616-089(045)(729.1) | ||
| 082 | 0 | 4 |
_a617 _223 |
| 245 | 0 | 0 |
_aRelación entre estado funcional y complicaciones quirúrgicas en adultos mayores varones con cáncer = _bThe Relationship between Functional Status and Surgical Complications in Male Older Adults with Cancer / _cSandra Noemí Lava Rojas [y otros 3]. |
| 264 | 1 |
_aLa Habana : _bEditorial Ciencias Médicas, _c2021. |
|
| 336 |
_atexto _btxt _2rdacontent/spa |
||
| 337 |
_acomputadora _bc _2rdamedia/spa |
||
| 338 |
_arecurso en línea _bcr _2rdacarrier/spa |
||
| 546 | _aResumen en español e inglés. | ||
| 590 | _aRecurso electrónico. Santa Fe, Arg.: elibro, 2024. Disponible vía World Wide Web. El acceso puede estar limitado para las bibliotecas afiliadas a elibro. | ||
| 650 | 4 | _aCáncer. | |
| 650 | 4 | _aCáncer. | |
| 650 | 4 | _aComplicaciones quirúrgicas. | |
| 650 | 4 | _aEnfermedades crónicas. | |
| 650 | 4 | _aEvaluación geriátrica. | |
| 650 | 4 | _aAdulto mayor. | |
| 655 | 4 | _aLibros electrónicos. | |
| 700 | 1 |
_aLava Rojas, Sandra Noemí, _eautor. |
|
| 773 | 0 | 8 |
_iContenida en: _tRevista cubana de cirugía _gVol. 60, no. 3 (Jul-Sep 2021), p. 00-00 |
| 797 | 2 | _aelibro, Corp. | |
| 856 | 4 | 0 | _uhttps://elibro.net/ereader/politecnicointernacional/274080 |
| 999 |
_c33392 _d33392 |
||